Statistics for 2019 Music Quiz

Click here to take the quiz!

General Stats

  • This quiz has been taken 42 times
  • The average score is 19 of 63

Answer Stats

HintAnswer% Correct
Bad Guy | Bury A FriendBillie Eilish
89%
Circles | WowPost Malone
87%
7 Rings | Break Up With Your Girlfriend, I'm BoredAriana Grande
84%
Old Town Road | PaniniLil Nas X
82%
Someone You LovedLewis Capaldi
71%
Lights Up | Watermelon SugarHarry Styles
66%
Don't Start NowDua Lipa
61%
Good As HellLizzo
58%
SuckerJonas Brothers
58%
MemoriesMaroon 5
50%
Hold My Girl | ShotgunGeorge Ezra
50%
High HopesPanic! At The Disco
47%
Crown | Vossi BopStormzy
45%
Don't Call Me Up | Mad LoveMabel
45%
A Million Dreams | Walk Me HomeP!nk
37%
Without MeHalsey
34%
If I Can't Have YouShawn Mendes
32%
Think About Us | Woman Like MeLittle Mix
32%
ShallowLady Gaga & Bradley Cooper
26%
So Am IAva Max
24%
UndecidedChris Brown
21%
Ladbroke GroveAJ Tracey
21%
Taste (Make It Shake)Aitch
21%
Baby SharkPink Fong
18%
Nice To Meet YaNiall Horan
16%
Ride ItRegard
13%
PolaroidLiam Payne
13%
3 NightsDominic Fike
13%
ThursdayJess Glynne
13%
Ruin My LifeZara Larsson
11%
Don't Feel Like CryingSigrid
8%
HappierMarshmello & Bastille
8%
SunflowerSwae Lee & Post Malone
8%
Let You Love MeRita Ora
8%
Professor XDave
8%
OutnumberedDermot Kennedy
5%
One KissCalvin Harris & Dua Lipa
5%
Lose ControlMeduza
5%
ME!Taylor Swift ft Brendon Urie
3%
Buss DownAitch ft ZieZie
3%
Nothing Breaks Like A HeartMark Ronson ft Miley Cyrus
3%
No GuidanceChris Brown ft Drake
3%
Favourite ThingFleur East
0%
Just Got PaidSigala, Ella Eyre, Meghan Trainor & French Montana
0%
Taki TakiDJ Snake, Selena Gomez, Ozuna & Cardi B
0%
ElectricitySilk City & Dua Lipa
0%
PromisesCalvin Harris & Sam Smith
0%
BodyLoud Luxury & Brando
0%
Rewrite The StarsJames Arthur ft Anne Marie
0%
Money In The GraveDrake ft Rick Ross
0%
SOSAvicii ft Aloe Blacc
0%
Turn Me OnRiton
0%
PlayYears & Years
0%

Score Distribution

Percentile by Number Answered

Percent of People with Each Score

Your Score History

You have not taken this quiz